000 01047nam0a22002531 4500
001 rc\4591591
005 20260407083532.0
021 _aRU
_b[61-73908]
035 _a(NLR Aleph) 008661819
090 _a9066082
_c9066082
100 _a20130416d1961 |||y0rusy50 ca
101 0 _arus
102 _aRU
105 _ay c |||||
200 1 _aМетодические указания по распознаванию и лечению туберкулезного менингита у детей и взрослых
_e[Утв. Упр. специализир. мед. помощи 28/VIII 1961 г.]
_fМ-во здравоохранения СССР
210 _aМосква
_cБ. и.
_d1961
215 _a19 с.
_d20
606 _aМенингит туберкулезный
_2psbo
712 0 1 _aСССР
_bУправление специализированной медицинской помощи
_3RU\NLR\AUTH\8810572
_9293730
801 0 _aRU
_bNLR
_gpsbo
801 1 _aRU
_bELAR
_2rusmarc
852 _aNLR
_j61-4/15631
942 _cBOOK
980 _aNB